000 00320nam a22001337a 4500
020 _a0-13-297366-9
082 _a200.1 STE
100 _aStewart, David
245 _aExploring the Philosophy of Religion
260 _aEnglewood Cliffs
_bNew Delhi
_c1970
300 _a404
650 _aReligion-Philosophy
942 _cBK
999 _c20235
_d20235